000 00658nam a2200229Ia 4500
003 OSt
005 20220918205507.0
006 a|||||r|||| 00| 0
007 ta
008 220917b |||||||| |||| 00| 0 eng d
024 _a116,774
037 _cTextual
040 _aARTS
_cARTS
_beng
041 _2eng
_aeng
082 _aV66:1:N5, 122J5
100 _aAlbertini E
_9115273
245 0 _aL' Afrique du nord Francaise dans l' histoire
_b International Geographique de R Lespes illustration de roger j-irriera
260 _c1955
650 _aHISTORY
942 _hV66:1:N5, 122J5
_cTEXL
_2CC
999 _c240095
_d240095